[Event "Obert Figueres Miquel Mas 2012 Grupo B"]
[Site "Figueres ESP"]
[Date "2012.08.09"]
[Round "1.1"]
[White "Suita Rodriguez, Natalia"]
[Black "Mogro Flores, Simon"]
[Result "0-1"]
[WhiteElo "1583"]
[BlackElo "1992"]
[PlyCount "40"]
[EventDate "2012.08.09"]
[EventType "swiss"]
[EventRounds "9"]
[EventCountry "ESP"]
[Source "lmi"]
[SourceDate "2012.08.09"]

1. d4 Nf6 2. c4 g6 3. Nf3 Bg7 4. Nc3 d5 5. e3 O-O 6. Bd3 c5 7. O-O dxc4 8. Bxc4
cxd4 9. Nxd4 a6 10. Qb3 e5 11. Nc2 Nc6 12. Rd1 Qc7 13. Be2 Be6 14. Qa3 Rfd8 15.
Bd2 Bf8 16. Qa4 b5 17. Qh4 Be7 18. Qg3 b4 19. Na4 Rxd2 20. Rxd2 Ne4 0-1

[Event "Obert Figueres Miquel Mas 2012 Grupo B"]
[Site "Figueres ESP"]
[Date "2012.08.09"]
[Round "1.2"]
[White "Guzman Maglaya, Noli"]
[Black "Cano Egea, Joan Manuel"]
[Result "1-0"]
[WhiteElo "1966"]
[BlackElo "1581"]
[PlyCount "57"]
[EventDate "2012.08.09"]
[EventType "swiss"]
[EventRounds "9"]
[EventCountry "ESP"]
[Source "lmi"]
[SourceDate "2012.08.09"]

1. d4 d5 2. c4 e6 3. Nc3 Nf6 4. f3 dxc4 5. e4 c5 6. d5 exd5 7. exd5 a6 8. a4
Bd6 9. Bxc4 O-O 10. Nge2 Bf5 11. O-O Re8 12. Bf4 Qc7 13. Bxd6 Qxd6 14. Ng3 Bg6
15. f4 h6 16. f5 Bh7 17. Qf3 Nbd7 18. b3 Rad8 19. Rae1 Nb6 20. Nce4 Qe5 21.
Nxf6+ Qxf6 22. Nh5 Qd4+ 23. Kh1 Nxc4 24. bxc4 Qxc4 25. f6 Rxe1 26. Rxe1 Qxa4
27. fxg7 Rd6 28. Qg3 Qd4 29. Re8# 1-0

[Event "Obert Figueres Miquel Mas 2012 Grupo B"]
[Site "Figueres ESP"]
[Date "2012.08.09"]
[Round "1.3"]
[White "Asensio Graells, Ricard"]
[Black "Oliva Llorens, Antoni"]
[Result "0-1"]
[WhiteElo "1568"]
[BlackElo "1953"]
[PlyCount "82"]
[EventDate "2012.08.09"]
[EventType "swiss"]
[EventRounds "9"]
[EventCountry "ESP"]
[Source "lmi"]
[SourceDate "2012.08.09"]

1. Nf3 Nf6 2. g3 b6 3. Bg2 Bb7 4. d3 e6 5. O-O Be7 6. Nbd2 O-O 7. Re1 d6 8. e4
Nbd7 9. Nf1 c5 10. h3 Qc7 11. N3h2 d5 12. f4 dxe4 13. dxe4 Rad8 14. Qe2 e5 15.
f5 c4 16. g4 h6 17. g5 hxg5 18. Bxg5 Rfe8 19. Ng3 b5 20. Ng4 Nxg4 21. Qxg4 Bxg5
22. Qxg5 Nf6 23. Re2 Rd6 24. Kh2 Red8 25. Bf3 Nh7 26. Qe3 Qb6 27. Qxb6 Rxb6 28.
Rg1 Nf6 29. Reg2 Rbd6 30. Nf1 Ne8 31. Rg5 a5 32. Rh5 g6 33. fxg6 Rxg6 34. Rxg6+
fxg6 35. Rxe5 Nd6 36. Kg3 Kf7 37. Kf4 Kf6 38. Rg5 Kg7 39. e5 Rf8+ 40. Ke3 Rxf3+
41. Ke2 Nf5 0-1

[Event "Obert Figueres Miquel Mas 2012 Grupo B"]
[Site "Figueres ESP"]
[Date "2012.08.09"]
[Round "1.4"]
[White "Parayre Soguero, Jordi"]
[Black "Salomon Emmanuel, Yves"]
[Result "0-1"]
[WhiteElo "1934"]
[BlackElo "1566"]
[PlyCount "78"]
[EventDate "2012.08.09"]
[EventType "swiss"]
[EventRounds "9"]
[EventCountry "ESP"]
[Source "lmi"]
[SourceDate "2012.08.09"]

1. d4 d6 2. c4 e5 3. g3 c6 4. Bg2 Nf6 5. Nc3 Be7 6. Nf3 Nbd7 7. O-O O-O 8. Qc2
Re8 9. Rd1 Qc7 10. a3 a6 11. b4 b5 12. cxb5 axb5 13. Nxb5 Qb6 14. Nc3 Ba6 15.
Bb2 Rac8 16. Qb3 exd4 17. Nxd4 Ne5 18. Na4 Qa7 19. Rac1 c5 20. bxc5 dxc5 21.
Nf5 Bf8 22. Rd2 c4 23. Qc2 Nfg4 24. e4 Nd3 25. Bd4 Qc7 26. Rb1 Nge5 27. Nb6 Rb8
28. Qc3 Bc5 29. Bxc5 Qxc5 30. Qd4 Qxd4 31. Nxd4 Nd7 32. Rdb2 Nxb2 33. Nxd7 Rbd8
34. e5 Rxd7 35. Rxb2 Rxd4 36. Bc6 Red8 37. Rb6 Bc8 38. Kg2 c3 39. Ba4 Bf5 0-1

[Event "Obert Figueres Miquel Mas 2012 Grupo B"]
[Site "Figueres ESP"]
[Date "2012.08.09"]
[Round "1.5"]
[White "Otones Lopez, Josep M|_"]
[Black "Claret, Franck"]
[Result "0-1"]
[WhiteElo "1542"]
[BlackElo "1926"]
[PlyCount "64"]
[EventDate "2012.08.09"]
[EventType "swiss"]
[EventRounds "9"]
[EventCountry "ESP"]
[Source "lmi"]
[SourceDate "2012.08.09"]

1. d4 Nf6 2. c4 g6 3. Nc3 Bg7 4. e4 d6 5. Nf3 O-O 6. Be3 e5 7. d5 Ng4 8. Qd2
Nxe3 9. Qxe3 f5 10. exf5 gxf5 11. Be2 Qf6 12. O-O Bh6 13. Ne4 fxe4 14. Qxe4 Bf5
15. Qh4 Qxh4 16. Nxh4 Na6 17. g4 Bd7 18. Kh1 Kh8 19. h3 Nc5 20. f3 e4 21. b4
exf3 22. Nxf3 Ne4 23. Kg2 Rae8 24. Bd3 Ng5 25. Nh4 Nxh3 26. Rxf8+ Bxf8 27. Bf5
Bxf5 28. Nxf5 Ng5 29. Kg3 Re2 30. Kf4 Nf7 31. a4 Rc2 32. Ne3 Bh6+ 0-1

[Event "Obert Figueres Miquel Mas 2012 Grupo B"]
[Site "Figueres ESP"]
[Date "2012.08.10"]
[Round "2.1"]
[White "Mogro Flores, Simon"]
[Black "Vilanova Olmedo, Ignasi"]
[Result "1-0"]
[WhiteElo "1992"]
[BlackElo "1781"]
[PlyCount "85"]
[EventDate "2012.08.09"]
[EventType "swiss"]
[EventRounds "9"]
[EventCountry "ESP"]
[Source "lmi"]
[SourceDate "2012.08.09"]

1. e4 c6 2. d4 d5 3. Nc3 dxe4 4. Nxe4 Nf6 5. Ng3 Qc7 6. Bd3 Bg4 7. N1e2 Bxe2 8.
Qxe2 e6 9. O-O Bd6 10. c4 Nbd7 11. Bd2 O-O-O 12. b4 h5 13. Rfc1 h4 14. Nf1 g5
15. Rab1 g4 16. b5 c5 17. Bc3 Rdg8 18. a4 b6 19. a5 g3 20. fxg3 h3 21. axb6
axb6 22. Qf3 hxg2 23. Kxg2 Nh5 24. Kf2 Bxg3+ 25. hxg3 Nxg3 26. Ra1 Nb8 27. Bd2
Rh3 28. Ke1 cxd4 29. Bf4 Nxf1 30. Qxf1 Re3+ 31. Kd2 Rg2+ 32. Qxg2 Qxf4 33. Qg8+
Kb7 34. Qg2+ Kc8 35. Kc2 Rg3 36. Qd2 Qg4 37. Rf1 f5 38. Rf2 Qg6 39. Qf4 Rg4 40.
Qe5 Rg2 41. Rxg2 Qxg2+ 42. Kb3 Qg6 43. Ra8 1-0

[Event "Obert Figueres Miquel Mas 2012 Grupo B"]
[Site "Figueres ESP"]
[Date "2012.08.10"]
[Round "2.2"]
[White "Serra Canals, Oriol"]
[Black "Guzman Maglaya, Noli"]
[Result "1-0"]
[WhiteElo "1780"]
[BlackElo "1966"]
[PlyCount "83"]
[EventDate "2012.08.09"]
[EventType "swiss"]
[EventRounds "9"]
[EventCountry "ESP"]
[Source "lmi"]
[SourceDate "2012.08.09"]

1. d4 d5 2. c4 Nf6 3. cxd5 Nxd5 4. e4 Nf6 5. Nc3 e5 6. Nf3 exd4 7. Qxd4 Qxd4 8.
Nxd4 Bb4 9. f3 O-O 10. Bd2 c6 11. a3 Ba5 12. Bc4 b5 13. Ba2 Rd8 14. Nc2 Bb6 15.
O-O-O Na6 16. Be3 Be6 17. Bxb6 axb6 18. Bxe6 fxe6 19. Nd4 b4 20. axb4 Nxb4 21.
Nxe6 Ra1+ 22. Nb1 Rxd1+ 23. Rxd1 Kf7 24. Nd4 c5 25. Nc2 Nxc2 26. Kxc2 Ke6 27.
Rd8 Ke7 28. Rd1 b5 29. Nc3 Rxd1 30. Kxd1 b4 31. Na4 Kd6 32. b3 Kc6 33. Kd2 Nd7
34. Nb2 Nb6 35. Kd3 Kb5 36. e5 Nd5 37. Ke4 Nc3+ 38. Kf5 Kc6 39. Nc4 Nb5 40. Ke4
Nd4 41. Nd2 Kb5 42. Kd5 1-0

[Event "Obert Figueres Miquel Mas 2012 Grupo B"]
[Site "Figueres ESP"]
[Date "2012.08.10"]
[Round "2.3"]
[White "Oliva Llorens, Antoni"]
[Black "Gutierrez Galindo, Angel"]
[Result "1-0"]
[WhiteElo "1953"]
[BlackElo "1751"]
[PlyCount "111"]
[EventDate "2012.08.09"]
[EventType "swiss"]
[EventRounds "9"]
[EventCountry "ESP"]
[Source "lmi"]
[SourceDate "2012.08.09"]

1. e4 e6 2. d4 b6 3. Nf3 Bb7 4. Bd3 Nf6 5. Qe2 c5 6. c3 h6 7. O-O Nc6 8. d5 Nb8
9. c4 d6 10. dxe6 fxe6 11. e5 dxe5 12. Nxe5 Qd4 13. Bg6+ Ke7 14. Rd1 Qh4 15.
Qd3 Qd4 16. Qxd4 cxd4 17. Rxd4 Nc6 18. Nxc6+ Bxc6 19. Nc3 Nd7 20. Be4 e5 21.
Nd5+ Bxd5 22. Rxd5 Rc8 23. Bf5 Rc7 24. Bxd7 Rxd7 25. Rxe5+ Kf6 26. Bf4 Rd4 27.
Bg3 Rxc4 28. Re8 Kf7 29. Ra8 a5 30. h3 Rg8 31. Rd1 Be7 32. Ra7 Re4 33. f3 Re6
34. Bf2 Kg6 35. Rdd7 Bf6 36. b3 Rc8 37. Bd4 Rc2 38. Bxf6 gxf6 39. Rg7+ Kf5 40.
Rad7 Rxa2 41. Rd5+ Re5 42. Rxe5+ fxe5 43. Rb7 Rb2 44. Rxb6 a4 45. Rxh6 Rb1+ 46.
Kh2 axb3 47. Rh4 Kg5 48. Rg4+ Kf5 49. Rb4 Ke6 50. h4 Kd6 51. h5 Kc5 52. Rb8 b2
53. h6 Ra1 54. h7 Ra8 55. h8=Q b1=Q 56. Qxe5+ 1-0

[Event "Obert Figueres Miquel Mas 2012 Grupo B"]
[Site "Figueres ESP"]
[Date "2012.08.10"]
[Round "2.4"]
[White "Claret, Franck"]
[Black "Rebole Arbea, Pedro Maria"]
[Result "1-0"]
[WhiteElo "1926"]
[BlackElo "1717"]
[PlyCount "73"]
[EventDate "2012.08.09"]
[EventType "swiss"]
[EventRounds "9"]
[EventCountry "ESP"]
[Source "lmi"]
[SourceDate "2012.08.09"]

1. Nf3 d5 2. c4 e6 3. g3 c6 4. Bg2 Bd6 5. d4 f5 6. Qc2 Nf6 7. O-O O-O 8. Nbd2
Nbd7 9. b3 Ne4 10. Ne1 Ndf6 11. f3 Nxd2 12. Bxd2 Qe7 13. Nd3 e5 14. Nxe5 Bxe5
15. dxe5 Qxe5 16. Bf4 Qd4+ 17. e3 Qc5 18. Rac1 d4 19. exd4 Qxd4+ 20. Kh1 Nh5
21. Rcd1 Qf6 22. Bd6 Rd8 23. c5 Be6 24. Rfe1 Re8 25. f4 Qh6 26. Rd3 Nf6 27. Bf3
Bd5 28. Re5 Ne4 29. Kg2 Nxd6 30. Bxd5+ cxd5 31. cxd6 Rac8 32. Rxe8+ Rxe8 33. d7
Rd8 34. Qc8 Qf6 35. Re3 Qb2+ 36. Kh3 Qf2 37. Qxd8+ 1-0

[Event "Obert Figueres Miquel Mas 2012 Grupo B"]
[Site "Figueres ESP"]
[Date "2012.08.10"]
[Round "2.5"]
[White "Alarcon Pages, Salvador"]
[Black "Ortega Lopez, Mikel"]
[Result "0-1"]
[WhiteElo "1736"]
[BlackElo "1922"]
[PlyCount "40"]
[EventDate "2012.08.09"]
[EventType "swiss"]
[EventRounds "9"]
[EventCountry "ESP"]
[Source "lmi"]
[SourceDate "2012.08.09"]

1. e4 c5 2. c4 e6 3. Nc3 Nc6 4. Nf3 a6 5. a3 d6 6. d4 cxd4 7. Nxd4 Qc7 8. Nxc6
bxc6 9. Bd3 Nf6 10. f4 Be7 11. h4 h5 12. g3 Bb7 13. Be3 d5 14. Bd4 Nxe4 15.
Bxe4 dxe4 16. Bxg7 Rg8 17. Be5 Qb6 18. Bd4 c5 19. Na4 Qc6 20. Be3 Rxg3 0-1

[Event "Obert Figueres Miquel Mas 2012 Grupo B"]
[Site "Figueres ESP"]
[Date "2012.08.11"]
[Round "3.1"]
[White "Viñas Serra, Jaume"]
[Black "Mogro Flores, Simon"]
[Result "0-1"]
[WhiteElo "1862"]
[BlackElo "1992"]
[PlyCount "72"]
[EventDate "2012.08.09"]
[EventType "swiss"]
[EventRounds "9"]
[EventCountry "ESP"]
[Source "lmi"]
[SourceDate "2012.08.09"]

1. d4 e6 2. Nf3 d5 3. Bg5 Be7 4. Bxe7 Qxe7 5. c3 Nd7 6. Nbd2 Ngf6 7. e3 O-O 8.
Bd3 e5 9. dxe5 Ng4 10. Qc2 h6 11. O-O Ndxe5 12. Bf5 g6 13. Bxc8 Raxc8 14. h3
Nf6 15. Nxe5 Qxe5 16. Nf3 Qe7 17. Rfd1 c6 18. Qa4 a6 19. Rac1 Rce8 20. Rd3 Ne4
21. Qc2 f5 22. c4 Nf6 23. cxd5 Nxd5 24. a3 f4 25. exf4 Nxf4 26. Re3 Qf6 27.
Rce1 Rxe3 28. Rxe3 Kg7 29. Kf1 Rd8 30. Qb3 b5 31. h4 c5 32. Qc2 c4 33. b3 cxb3
34. Qxb3 Qd6 35. Qc3+ Kh7 36. g3 Nd5 0-1

[Event "Obert Figueres Miquel Mas 2012 Grupo B"]
[Site "Figueres ESP"]
[Date "2012.08.11"]
[Round "3.2"]
[White "Patrucco, Carlo"]
[Black "Oliva Llorens, Antoni"]
[Result "1/2-1/2"]
[WhiteElo "1860"]
[BlackElo "1953"]
[PlyCount "45"]
[EventDate "2012.08.09"]
[EventType "swiss"]
[EventRounds "9"]
[EventCountry "ESP"]
[Source "lmi"]
[SourceDate "2012.08.09"]

1. e4 c5 2. Nf3 Nc6 3. Bb5 d6 4. Bxc6+ bxc6 5. O-O e5 6. c3 Bg4 7. h3 Bh5 8.
Re1 Nf6 9. d4 Bxf3 10. Qxf3 Be7 11. dxe5 dxe5 12. Nd2 Qc7 13. Nc4 O-O 14. Bg5
Rfe8 15. Rad1 Nd7 16. Qf5 Nf8 17. Rd3 f6 18. Bc1 Rad8 19. Rg3 Qd7 20. Bh6 Ng6
21. Qxd7 Rxd7 22. Be3 Rc8 23. Kf1 1/2-1/2

[Event "Obert Figueres Miquel Mas 2012 Grupo B"]
[Site "Figueres ESP"]
[Date "2012.08.11"]
[Round "3.3"]
[White "Puig Carres, Josep"]
[Black "Claret, Franck"]
[Result "1-0"]
[WhiteElo "1843"]
[BlackElo "1926"]
[PlyCount "99"]
[EventDate "2012.08.09"]
[EventType "swiss"]
[EventRounds "9"]
[EventCountry "ESP"]
[Source "lmi"]
[SourceDate "2012.08.09"]

1. c4 c5 2. Nc3 Nf6 3. g3 d5 4. Bg2 d4 5. Ne4 Nxe4 6. Bxe4 Nc6 7. d3 e5 8. Bg2
Be7 9. Nf3 O-O 10. O-O Be6 11. b3 Qd7 12. Re1 Rad8 13. Ba3 Bh3 14. Bh1 f5 15.
Bc1 f4 16. Bg2 h5 17. Nd2 h4 18. Bd5+ Kh8 19. e3 Be6 20. Qh5+ Kg8 21. Be4 Bf5
22. Bd5+ Be6 23. Be4 Rf6 24. Qh7+ Kf8 25. Qh8+ Bg8 26. Bd5 Re6 27. exf4 Nb4 28.
Bxe6 Qxe6 29. Rxe5 Qg6 30. Qh5 Qxh5 31. Rxh5 Nxd3 32. f5 Bf6 33. Ne4 Re8 34. f3
Ne5 35. Kg2 d3 36. Bb2 Nxc4 37. Bxf6 Ne3+ 38. Kh3 gxf6 39. Nxf6 Rd8 40. Ng4 Nc2
41. Rd1 Nb4 42. Ne5 a5 43. Rxh4 a4 44. f6 axb3 45. axb3 Bxb3 46. Rh8+ Bg8 47.
f7 Kg7 48. fxg8=Q+ Rxg8 49. Rxg8+ Kxg8 50. Nxd3 1-0

[Event "Obert Figueres Miquel Mas 2012 Grupo B"]
[Site "Figueres ESP"]
[Date "2012.08.11"]
[Round "3.4"]
[White "Ortega Lopez, Mikel"]
[Black "Perez Lopez, Alfonso"]
[Result "1-0"]
[WhiteElo "1922"]
[BlackElo "1841"]
[PlyCount "151"]
[EventDate "2012.08.09"]
[EventType "swiss"]
[EventRounds "9"]
[EventCountry "ESP"]
[Source "lmi"]
[SourceDate "2012.08.09"]

1. e4 c6 2. d4 d5 3. exd5 cxd5 4. c4 Nf6 5. Nc3 Nc6 6. Nf3 e6 7. Bd3 dxc4 8.
Bxc4 Be7 9. O-O O-O 10. Bb3 a6 11. Bc2 b5 12. a3 Bb7 13. Qd3 Qc7 14. Bg5 g6 15.
Rfe1 Rac8 16. Rac1 b4 17. Nd1 Qa5 18. Ne3 Nd5 19. Nxd5 Bxg5 20. Nxg5 Qxd5 21.
Nf3 Rfd8 22. Bb3 Qh5 23. Qd2 bxa3 24. Rc5 Qxc5 25. dxc5 Rxd2 26. Nxd2 Nd4 27.
bxa3 Rxc5 28. h3 Nxb3 29. Nxb3 Rc3 30. Re3 Rc2 31. f3 Kg7 32. Kh2 g5 33. Kg3 h5
34. Nd4 h4+ 35. Kh2 Rb2 36. Nb3 Bd5 37. Nc5 Bc4 38. Kg1 Ra2 39. Rc3 Bb5 40. Ne4
Kg6 41. Nd6 Rd2 42. Ne4 Rd1+ 43. Kh2 f5 44. Nc5 Kf6 45. a4 Be8 46. Nxa6 Bxa4
47. Nc5 Bb5 48. Rc2 Bf1 49. Rf2 Rc1 50. Nb3 Rd1 51. Nc5 Bc4 52. Rc2 Bd5 53.
Nd7+ Ke7 54. Ne5 Re1 55. Nd3 Ra1 56. Ne5 Kf6 57. Nd7+ Kg6 58. Ne5+ Kg7 59. Nd3
Kf6 60. Nc5 e5 61. Rd2 Ba8 62. Rd6+ Kf7 63. Rd7+ Ke8 64. Rg7 Ra2 65. Kg1 e4 66.
fxe4 Bxe4 67. Nxe4 fxe4 68. Rxg5 Ra1+ 69. Kf2 Ra2+ 70. Ke3 Kf7 71. Rg4 Kf6 72.
Kxe4 Ra4+ 73. Kf3 Ra3+ 74. Kf2 Ra2+ 75. Kf1 Kf5 76. Rxh4 1-0

[Event "Obert Figueres Miquel Mas 2012 Grupo B"]
[Site "Figueres ESP"]
[Date "2012.08.11"]
[Round "3.5"]
[White "Lazaro Porta, Angel"]
[Black "Serra Canals, Oriol"]
[Result "0-1"]
[WhiteElo "1895"]
[BlackElo "1780"]
[PlyCount "112"]
[EventDate "2012.08.09"]
[EventType "swiss"]
[EventRounds "9"]
[EventCountry "ESP"]
[Source "lmi"]
[SourceDate "2012.08.09"]

1. c4 e6 2. Nc3 d5 3. d4 Nf6 4. Bg5 Be7 5. e3 h6 6. Bf4 O-O 7. Qc2 c5 8. O-O-O
cxd4 9. Nb5 Na6 10. Rxd4 Bd7 11. Kb1 Nb4 12. Qb3 Qa5 13. Nf3 Ne4 14. Bg3 a6 15.
Nc3 Bc5 16. a3 Nxc3+ 17. Qxc3 Bxd4 18. Nxd4 Nc6 19. Nxc6 Qxc3 20. Ne7+ Kh8 21.
bxc3 Rfe8 22. Bd6 dxc4 23. Bxc4 Ba4 24. e4 Rad8 25. e5 Rd7 26. f4 Rdxe7 27.
Bxe7 Rxe7 28. Bd3 Rd7 29. Bc2 Bc6 30. Kc1 Bxg2 31. Re1 g6 32. Be4 Bxe4 33. Rxe4
Kg7 34. Kc2 g5 35. fxg5 hxg5 36. c4 Kg6 37. a4 Kf5 38. Re2 f6 39. exf6 Kxf6 40.
a5 e5 41. Kc3 g4 42. Re3 Kf5 43. Re2 Kf4 44. Rf2+ Ke3 45. Rf5 e4 46. Rd5 Rf7
47. Rg5 Kf4 48. Rg6 Rd7 49. c5 e3 50. Rf6+ Ke4 51. Rd6 Rf7 52. Re6+ Kf3 53. Kd3
Rd7+ 54. Rd6 Rxd6+ 55. cxd6 e2 56. d7 e1=Q 0-1

[Event "Obert Figueres Miquel Mas 2012 Grupo B"]
[Site "Figueres ESP"]
[Date "2012.08.12"]
[Round "4.1"]
[White "Serra Canals, Oriol"]
[Black "Ortega Lopez, Mikel"]
[Result "0-1"]
[WhiteElo "1780"]
[BlackElo "1922"]
[PlyCount "82"]
[EventDate "2012.08.09"]
[EventType "swiss"]
[EventRounds "9"]
[EventCountry "ESP"]
[Source "lmi"]
[SourceDate "2012.08.09"]

1. d4 Nf6 2. c4 e6 3. Nf3 Bb4+ 4. Bd2 Qe7 5. e3 Bxd2+ 6. Nbxd2 d5 7. Bd3 b6 8.
Rc1 O-O 9. O-O Bb7 10. cxd5 exd5 11. Ne5 c5 12. Re1 Qd6 13. Ndf3 Nc6 14. Qc2 c4
15. Bf1 Nb4 16. Qb1 Ne4 17. a3 Na6 18. g3 f6 19. Nxc4 dxc4 20. Bxc4+ Rf7 21.
Bxa6 Bxa6 22. Qxe4 Bb7 23. d5 Bxd5 24. Qd4 Qe6 25. e4 Bb7 26. Nd2 Rd7 27. Qc4
Qxc4 28. Nxc4 Rc8 29. f3 Rdc7 30. Red1 Ba6 31. Rc3 Rxc4 32. Rxc4 Bxc4 33. Rd7
a5 34. Kf2 b5 35. Ke3 h6 36. f4 Bf1 37. e5 fxe5 38. fxe5 Rc2 39. Kf4 Rf2+ 40.
Ke4 Bh3 41. Rb7 Bg2+ 0-1

[Event "Obert Figueres Miquel Mas 2012 Grupo B"]
[Site "Figueres ESP"]
[Date "2012.08.12"]
[Round "4.2"]
[White "Castrillon Otero, Javier"]
[Black "Puig Carres, Josep"]
[Result "1-0"]
[WhiteElo "1889"]
[BlackElo "1843"]
[PlyCount "93"]
[EventDate "2012.08.09"]
[EventType "swiss"]
[EventRounds "9"]
[EventCountry "ESP"]
[Source "lmi"]
[SourceDate "2012.08.09"]

1. d4 d5 2. Nf3 Nc6 3. e3 Bg4 4. Bb5 a6 5. Bxc6+ bxc6 6. c4 Nf6 7. Qa4 Bd7 8.
Ne5 e6 9. c5 Ne4 10. Nc3 Qg5 11. Nxe4 dxe4 12. O-O f6 13. Nxd7 Kxd7 14. Qc2 f5
15. f3 exf3 16. Rxf3 g6 17. e4 Qh4 18. exf5 gxf5 19. Be3 Rg8 20. Kh1 Qf6 21.
Re1 Qh4 22. Qe2 Rg7 23. Bg5 Qe4 24. Qxe4 fxe4 25. Rg3 Rb8 26. Bc1 Rf7 27. Kg1
Bg7 28. Rxe4 Rbf8 29. Rxg7 Rxg7 30. Bh6 Rgf7 31. Bxf8 Rxf8 32. Rh4 Rf7 33. Rh3
a5 34. Rd3 h5 35. g3 Rf5 36. Kg2 Ke7 37. a3 Rd5 38. Kf3 e5 39. Re3 Kf6 40.
dxe5+ Rxe5 41. Rxe5 Kxe5 42. b4 axb4 43. axb4 Kf5 44. h3 Ke5 45. g4 h4 46. Ke3
Kf6 47. Kf4 1-0

[Event "Obert Figueres Miquel Mas 2012 Grupo B"]
[Site "Figueres ESP"]
[Date "2012.08.12"]
[Round "4.4"]
[White "Guzman Maglaya, Noli"]
[Black "Patrucco, Carlo"]
[Result "0-1"]
[WhiteElo "1966"]
[BlackElo "1860"]
[PlyCount "84"]
[EventDate "2012.08.09"]
[EventType "swiss"]
[EventRounds "9"]
[EventCountry "ESP"]
[Source "lmi"]
[SourceDate "2012.08.09"]

1. d4 Nf6 2. c4 c5 3. d5 b5 4. cxb5 a6 5. e3 g6 6. Nc3 Bg7 7. bxa6 Bxa6 8. Bxa6
Nxa6 9. Nge2 O-O 10. O-O d6 11. a3 Qb6 12. Rb1 Rfb8 13. h3 Nd7 14. b3 Qa5 15.
Qc2 Nc7 16. e4 Nb5 17. Nxb5 Rxb5 18. a4 Rb7 19. Bd2 Qa6 20. a5 Qxe2 21. Rfe1
Qb5 22. b4 cxb4 23. Rxb4 Qa6 24. Rxb7 Qxb7 25. Rb1 Qa7 26. Qc6 Ne5 27. Qb6 Qxb6
28. axb6 Rb8 29. b7 Nd7 30. Be3 Nc5 31. Bxc5 dxc5 32. f4 Bd4+ 33. Kf1 Kf8 34.
Ke2 Ke8 35. Kd3 Kd7 36. g4 Kc7 37. e5 Rxb7 38. Rxb7+ Kxb7 39. Ke4 Kc7 40. h4
Kd7 41. f5 gxf5+ 42. gxf5 h5 0-1

[Event "Obert Figueres Miquel Mas 2012 Grupo B"]
[Site "Figueres ESP"]
[Date "2012.08.12"]
[Round "4.5"]
[White "Gutierrez Galindo, Angel"]
[Black "Parayre Soguero, Jordi"]
[Result "0-1"]
[WhiteElo "1751"]
[BlackElo "1934"]
[PlyCount "88"]
[EventDate "2012.08.09"]
[EventType "swiss"]
[EventRounds "9"]
[EventCountry "ESP"]
[Source "lmi"]
[SourceDate "2012.08.09"]

1. e4 c5 2. Bc4 e6 3. a3 Nc6 4. Nf3 a6 5. c3 b5 6. Ba2 d5 7. e5 d4 8. d3 Nge7
9. O-O Ng6 10. Re1 Be7 11. b4 dxc3 12. bxc5 Bxc5 13. Nxc3 O-O 14. Bb2 Nf4 15.
Bb1 Bb7 16. Ne4 Be7 17. d4 Qb6 18. Qc2 g6 19. Ba2 Rfd8 20. Qd2 Nd5 21. Bxd5
exd5 22. Nf6+ Bxf6 23. exf6 Na5 24. Qg5 Rd6 25. Bc3 Nc4 26. Re7 Re6 27. Bb4 Re8
28. Rxe8+ Rxe8 29. Be7 Nd6 30. g4 Ne4 31. Qh4 Qe6 32. Re1 Bc8 33. h3 h5 34. Ne5
Qb6 35. gxh5 g5 36. Rxe4 gxh4 37. Rxh4 Be6 38. h6 Qa5 39. Rh5 Qe1+ 40. Kg2 Kh7
41. Rg5 Rg8 42. Rg7+ Rxg7+ 43. fxg7 Qe4+ 44. Nf3 Bxh3+ 0-1

[Event "Obert Figueres Miquel Mas 2012 Grupo B"]
[Site "Figueres ESP"]
[Date "2012.08.12"]
[Round "5.1"]
[White "Ortega Lopez, Mikel"]
[Black "Castrillon Otero, Javier"]
[Result "1-0"]
[WhiteElo "1922"]
[BlackElo "1889"]
[PlyCount "105"]
[EventDate "2012.08.09"]
[EventType "swiss"]
[EventRounds "9"]
[EventCountry "ESP"]
[Source "lmi"]
[SourceDate "2012.08.09"]

1. e4 e5 2. Nf3 Nc6 3. Bb5 Bc5 4. O-O Nd4 5. Nxd4 Bxd4 6. c3 Bb6 7. d4 c6 8.
Ba4 d6 9. h3 Nf6 10. Bc2 Be6 11. Bg5 h6 12. Bxf6 Qxf6 13. d5 Bd7 14. Nd2 O-O
15. Nc4 Bc7 16. Ne3 Rad8 17. Qd3 c5 18. a4 Qg5 19. Kh1 g6 20. Rad1 h5 21. Qc4
f5 22. exf5 gxf5 23. f4 Qh6 24. Rde1 e4 25. b4 b6 26. b5 Rf7 27. Qe2 Rg7 28.
Qf2 Qf6 29. Nd1 Kh7 30. Re3 Rdg8 31. Rg1 Bd8 32. Kh2 Qf7 33. Bb3 Bc8 34. Bc4
Bb7 35. Qe2 Bh4 36. g3 Kh6 37. Qd2 Bc8 38. Qe2 Bf6 39. Qf2 Rg6 40. Qd2 Kg7 41.
Qe1 Kf8 42. Qd2 Ke8 43. Be2 R6g7 44. Nb2 Kd7 45. a5 bxa5 46. Nc4 Bb7 47. Rd1
Bd8 48. Qa2 Bxd5 49. Rxd5 h4 50. Ne5+ Kc8 51. Nxf7 hxg3+ 52. Kg2 Rxf7 53. Rxc5+
1-0

[Event "Obert Figueres Miquel Mas 2012 Grupo B"]
[Site "Figueres ESP"]
[Date "2012.08.12"]
[Round "5.2"]
[White "Mogro Flores, Simon"]
[Black "Oliva Llorens, Antoni"]
[Result "1-0"]
[WhiteElo "1992"]
[BlackElo "1953"]
[PlyCount "79"]
[EventDate "2012.08.09"]
[EventType "swiss"]
[EventRounds "9"]
[EventCountry "ESP"]
[Source "lmi"]
[SourceDate "2012.08.09"]

1. e4 c5 2. Nf3 g6 3. d4 cxd4 4. Nxd4 Bg7 5. c3 Nc6 6. Be3 a6 7. Bc4 d6 8. O-O
Nf6 9. Nxc6 bxc6 10. f3 O-O 11. Qc2 Qc7 12. Nd2 e5 13. b4 d5 14. Bd3 a5 15. Bc5
Re8 16. a4 Nd7 17. Bf2 axb4 18. cxb4 Qd6 19. Rab1 Ba6 20. b5 cxb5 21. axb5 Rec8
22. Qb2 Bb7 23. exd5 f5 24. Be2 Qxd5 25. Bc4 Rxc4 26. Nxc4 Qxc4 27. Rbc1 Qe6
28. Rc7 e4 29. Qd2 Bd5 30. Rd1 Nb6 31. Bd4 Be5 32. Bxe5 Qxe5 33. Rc5 Ra1 34.
Rxa1 Qxa1+ 35. Rc1 Qe5 36. Qe3 Nc4 37. Qc5 e3 38. Rxc4 e2 39. Qc8+ Kg7 40. Qc7+
1-0

[Event "Obert Figueres Miquel Mas 2012 Grupo B"]
[Site "Figueres ESP"]
[Date "2012.08.12"]
[Round "5.3"]
[White "Parayre Soguero, Jordi"]
[Black "Patrucco, Carlo"]
[Result "1/2-1/2"]
[WhiteElo "1934"]
[BlackElo "1860"]
[PlyCount "69"]
[EventDate "2012.08.09"]
[EventType "swiss"]
[EventRounds "9"]
[EventCountry "ESP"]
[Source "lmi"]
[SourceDate "2012.08.09"]

1. d4 Nf6 2. c4 c5 3. d5 b5 4. Nf3 g6 5. cxb5 a6 6. e4 Bg7 7. Nc3 d6 8. a4 O-O
9. h3 Re8 10. Bc4 axb5 11. Bxb5 Bd7 12. Bxd7 Nfxd7 13. O-O Na6 14. Bf4 Qb6 15.
Qd2 Reb8 16. Rfb1 c4 17. Be3 Ndc5 18. Ra3 Qb4 19. Nd4 Bxd4 20. Bxd4 Nb3 21. Qe3
Nxd4 22. Qxd4 Nc5 23. e5 Nxa4 24. Rxa4 Rxa4 25. Nxa4 Qxa4 26. Rc1 Rc8 27. exd6
exd6 28. Qb6 Qd7 29. Ra1 Qd8 30. Qxd8+ Rxd8 31. Ra6 Rb8 32. Rxd6 Rxb2 33. Rc6
Rb1+ 34. Kh2 Rd1 35. Rxc4 1/2-1/2